[Event "Championnat de France - Open B"]
[Site "Belfort - SNPHHUATVS"]
[Date "2010.08.15"]
[Round "6.7"]
[White "Constantin, Francois"]
[Black "Delpierre, Elie"]
[Result "1/2-1/2"]
[WhiteElo "1947"]
[BlackElo "1711"]
[PlyCount "58"]

1. c4 e5 2. Nc3 Nf6 3. Nf3 Nc6 4. e3 d6 5. d4 Bg4 6. Be2 Be7 7. O-O O-O 8. d5
Nb8 9. a3 a5 10. b3 Nbd7 11. Nd2 Bxe2 12. Qxe2 Ne8 13. e4 g6 14. Bb2 f5 15. f4
Ng7 16. fxe5 dxe5 17. Nf3 Bc5+ 18. Kh1 f4 19. Nd1 Qe7 20. Nf2 Bxf2 21. Qxf2 g5
22. Bc3 g4 23. Qh4 Qxh4 24. Nxh4 b6 25. Kg1 Rae8 26. b4 a4 27. Rae1 Rf6 28. Rf2
c5 29. b5 h5 1/2-1/2

[Event "Championnat de France - Open B"]
[Site "Belfort - SNPHHUATVS"]
[Date "2010.08.15"]
[Round "6.8"]
[White "Goettelmann, Guillaume"]
[Black "Thomas, Vincent"]
[Result "1-0"]
[WhiteElo "1901"]
[BlackElo "1987"]
[PlyCount "77"]

1. d4 Nf6 2. c4 c5 3. d5 e6 4. Nc3 exd5 5. cxd5 d6 6. e4 g6 7. h3 Bg7 8. Bd3 a6
9. a4 Nbd7 10. Nf3 Nh5 11. O-O Ne5 12. Nxe5 Bxe5 13. f4 Bd4+ 14. Kh2 Qh4 15.
Qe1 Qxe1 16. Rxe1 Bf2 17. Rf1 Bg3+ 18. Kg1 f5 19. e5 b6 20. e6 Bb7 21. Bc4 Ke7
22. Bd2 Nf6 23. Rf3 Bh4 24. g3 Ne4 25. Nxe4 fxe4 26. Rb3 Bxg3 27. Rxg3 b5 28.
Rb3 Bc6 29. axb5 axb5 30. Rxa8 Rxa8 31. dxc6 bxc4 32. Rb7+ Kxe6 33. Bc3 Ra6 34.
Rxh7 d5 35. c7 Ra8 36. Rh8 Rxh8 37. Bxh8 Kd7 38. Be5 d4 39. Kf2 1-0

[Event "Championnat de France - Open B"]
[Site "Belfort - SNPHHUATVS"]
[Date "2010.08.15"]
[Round "6.9"]
[White "Milutinovic, Slobodan"]
[Black "Najart, David"]
[Result "0-1"]
[WhiteElo "1850"]
[BlackElo "1983"]
[PlyCount "102"]

1. e4 c5 2. Nf3 d6 3. Bb5+ Nc6 4. O-O Bd7 5. c3 Nf6 6. d3 a6 7. Ba4 b5 8. Bc2
e5 9. Re1 Be7 10. Nbd2 O-O 11. Nf1 Qc7 12. Ne3 Rfe8 13. Nd5 Nxd5 14. exd5 Na5
15. b3 f5 16. c4 b4 17. a3 bxa3 18. Rxa3 Nb7 19. Bd2 a5 20. Bc3 Bd8 21. Qd2 Qc8
22. Rea1 Rb8 23. h4 Rf8 24. Rf1 Bc7 25. Raa1 Qe8 26. Rae1 Qd8 27. Bd1 h6 28. g3
f4 29. Kh2 Rf7 30. h5 Qf8 31. Nh4 fxg3+ 32. Kxg3 Rf4 33. Ng6 Qf6 34. Nxf4 exf4+
35. Kh2 Qh4+ 36. Kg1 Bh3 37. Bf3 Qg5+ 38. Kh2 Bxf1 39. Rxf1 Qh4+ 40. Kg2 Rf8
41. Rh1 Qe7 42. Bg4 Nd8 43. Kf1 Nf7 44. Be6 Kh8 45. Bxa5 Bxa5 46. Qxa5 Ne5 47.
Bg4 f3 48. Qe1 Qf6 49. Rg1 Ra8 50. Bxf3 Nxf3 51. Qe4 Ra1+ 0-1

[Event "Championnat de France - Open B"]
[Site "Belfort - SNPHHUATVS"]
[Date "2010.08.15"]
[Round "6.10"]
[White "Jacquot, Laurent"]
[Black "Gelfert, Yann"]
[Result "1-0"]
[WhiteElo "1941"]
[BlackElo "1867"]
[PlyCount "99"]

1. d4 Nf6 2. Nf3 g6 3. Nc3 Bg7 4. e4 d6 5. Bf4 c6 6. Bd3 O-O 7. Qd2 Re8 8. h4
h5 9. Ne2 b5 10. c3 a5 11. Rd1 Na6 12. Ng5 e5 13. Bg3 Qb6 14. O-O Ra7 15. f4
Ng4 16. fxe5 dxe5 17. Bc2 Be6 18. Kh1 Rae7 19. b3 Nc7 20. Rf3 f6 21. Nxe6 Nxe6
22. Rdf1 Bh6 23. Qd1 Rf8 24. d5 Rd7 25. Qb1 Nd8 26. Bf2 c5 27. Bg1 Qd6 28. g3
Nb7 29. Nc1 b4 30. c4 Rdf7 31. Nd3 f5 32. Qe1 f4 33. Kg2 Kg7 34. Qe2 g5 35.
hxg5 Bxg5 36. gxf4 Bxf4 37. Rh3 Qg6 38. Kh1 Rc8 39. Nxf4 Rxf4 40. Rxf4 exf4 41.
e5 Qg5 42. Qe4 Rh8 43. d6 Nxe5 44. Qxb7+ Kh6 45. Bd1 h4 46. Bf2 Ng6 47. d7 Rd8
48. Qc6 Qf5 49. Bg4 Qxg4 50. Rxh4+ 1-0

[Event "Championnat de France - Open B"]
[Site "Belfort - SNPHHUATVS"]
[Date "2010.08.17"]
[Round "7.1"]
[White "Turmel, Fabien"]
[Black "Messinger, Karl"]
[Result "1-0"]
[WhiteElo "1885"]
[BlackElo "1870"]
[PlyCount "81"]

1. c4 e5 2. Nc3 Nf6 3. Nf3 Nc6 4. d4 exd4 5. Nxd4 Bb4 6. Bg5 h6 7. Bh4 Bxc3+ 8.
bxc3 Ne5 9. f4 Ng6 10. Bxf6 Qxf6 11. g3 O-O 12. Bg2 d6 13. O-O Rb8 14. Qd3 Bd7
15. Rab1 b6 16. Rbe1 Rfe8 17. Nb5 Bxb5 18. cxb5 Qe7 19. e4 Rbd8 20. Bh3 Nf8 21.
Qc4 Ne6 22. Bg2 Nc5 23. f5 Qe5 24. f6 g6 25. Bh3 Qh5 26. Kg2 Re5 27. Rf4 g5 28.
Bg4 Qg6 29. Bf5 Qh5 30. Rf3 d5 31. Qd4 g4 32. Rf4 Qh3+ 33. Kg1 Rxf5 34. Rxf5
Ne6 35. Qe5 Ng5 36. Rxg5+ hxg5 37. Qxg5+ Kf8 38. Qg7+ Ke8 39. exd5+ Kd7 40.
Qxf7+ Kc8 41. Re7 1-0

[Event "Championnat de France - Open B"]
[Site "Belfort - SNPHHUATVS"]
[Date "2010.08.17"]
[Round "7.2"]
[White "Lorieux, Christian"]
[Black "Richet, Vincent"]
[Result "1-0"]
[WhiteElo "1954"]
[BlackElo "1933"]
[PlyCount "95"]

1. f4 e5 2. fxe5 d6 3. exd6 Bxd6 4. Nf3 g5 5. g3 g4 6. Nh4 Ne7 7. d4 Ng6 8.
Nxg6 hxg6 9. Qd3 Nc6 10. c3 Bf5 11. e4 Qe7 12. Bg2 O-O-O 13. Be3 Be6 14. Bf2
Rh5 15. Nd2 f6 16. O-O-O Ra5 17. d5 Ne5 18. Qb1 Bf7 19. Bf1 c6 20. Nb3 Ra4 21.
Rd4 Rxd4 22. cxd4 Nf3 23. dxc6 Kb8 24. cxb7 Qxb7 25. Qd3 Rc8+ 26. Kd1 Bc4 27.
Qe3 Qb5 28. Bg2 Bb4 29. Bxf3 gxf3 30. Qxf3 Bd3 31. Nc5 Bxc5 32. dxc5 Rd8 33.
Qxf6 Be2+ 34. Kc1 Qd3 35. Qc3 Qxe4 36. Re1 Rd5 37. Rxe2 Qxe2 38. Qb3+ Kc7 39.
Qxd5 Qxf2 40. Qd2 Qf1+ 41. Qd1 Qc4+ 42. Kb1 Qe4+ 43. Ka1 Kc6 44. Qd6+ Kb7 45.
c6+ Kb6 46. a3 Qc2 47. Qb8+ Kc5 48. c7 1-0

[Event "Championnat de France - Open B"]
[Site "Belfort - SNPHHUATVS"]
[Date "2010.08.17"]
[Round "7.3"]
[White "Najart, David"]
[Black "Pouchon, Mickael"]
[Result "1/2-1/2"]
[WhiteElo "1983"]
[BlackElo "1889"]
[PlyCount "96"]

1. Nf3 f5 2. e4 fxe4 3. Ng5 Nf6 4. d3 e3 5. Bxe3 e5 6. d4 e4 7. Nxe4 Nxe4 8.
Qh5+ g6 9. Qe5+ Qe7 10. Qxh8 Nf6 11. Be2 d5 12. Bg5 Nbd7 13. Nd2 b6 14. O-O-O
Kf7 15. Bxf6 Nxf6 16. Nf3 Bh6+ 17. Kb1 Bf4 18. Ne5+ Bxe5 19. dxe5 Qxe5 20. Bb5
Bb7 21. Rhe1 Qh5 22. g4 Qxg4 23. Re7+ Kxe7 24. Qg7+ Kd6 25. Qxf6+ Qe6 26. Qf4+
Qe5 27. Qb4+ c5 28. Qg4 Rd8 29. Qh4 g5 30. Qxh7 Qe7 31. Qd3 Kc7 32. Qg3+ Kc8
33. Bf1 Bc6 34. f3 Re8 35. Ba6+ Bb7 36. Bb5 Rf8 37. Re1 Qf6 38. a3 a6 39. Bf1
Qf4 40. Bh3+ Kb8 41. Bg4 d4 42. Re5 Bxf3 43. Bxf3 Qxg3 44. hxg3 Rxf3 45. Rxg5
Kc7 46. Kc1 c4 47. Rg4 b5 48. Rxd4 Rxg3 1/2-1/2

[Event "Championnat de France - Open B"]
[Site "Belfort - SNPHHUATVS"]
[Date "2010.08.17"]
[Round "7.4"]
[White "Maruejols, Claude"]
[Black "Goettelmann, Guillaume"]
[Result "1/2-1/2"]
[WhiteElo "1974"]
[BlackElo "1901"]
[PlyCount "134"]

1. d4 Nf6 2. c4 g6 3. Nc3 Bg7 4. e4 d6 5. Be2 O-O 6. Nf3 e5 7. O-O Nc6 8. d5
Ne7 9. Ne1 Nd7 10. Nd3 f5 11. Bd2 Nf6 12. f3 f4 13. c5 g5 14. Rc1 Ng6 15. cxd6
cxd6 16. Nb5 Rf7 17. Qc2 Ne8 18. a4 h5 19. Nf2 Bd7 20. Qb3 Bf8 21. Rc2 Rg7 22.
h3 a6 23. Na3 Nh4 24. Nc4 b5 25. Na5 bxa4 26. Qa3 Bb5 27. Nc6 Qd7 28. Nd3 Nf6
29. Be1 Ng6 30. Nf2 Bxe2 31. Rxe2 g4 32. hxg4 hxg4 33. Nxg4 Nxg4 34. fxg4 Qxg4
35. Qf3 Qd7 36. Rc2 Qb7 37. Qa3 Qb5 38. Rf3 a5 39. Rfc3 Rb7 40. Rc4 Qb6+ 41.
Bf2 Qb3 42. R4c3 Qxa3 43. Rxa3 Ne7 44. Rxa4 Rb5 45. Be1 Nxc6 46. dxc6 Rc5 47.
Rac4 Rc8 48. Bf2 Rxc4 49. Rxc4 Kf7 50. Bb6 a4 51. c7 Ke6 52. Rxa4 d5 53. exd5+
Kxd5 54. Kf1 Bd6 55. Ra1 Kc6 56. Ba5 Kb5 57. b4 Bxb4 58. Bxb4 Kxb4 59. Rc1 Kb5
60. Re1 Rxc7 61. Rxe5+ Rc5 62. Re6 Rc6 63. Re5+ Rc5 64. Re8 Kc6 65. Ke2 Kd5 66.
Kf3 Rc4 67. Rg8 Ke5 1/2-1/2

[Event "Championnat de France - Open B"]
[Site "Belfort - SNPHHUATVS"]
[Date "2010.08.17"]
[Round "7.5"]
[White "Grignon, Maxime"]
[Black "Guilbert, Jean-Louis"]
[Result "1/2-1/2"]
[WhiteElo "1920"]
[BlackElo "1957"]
[PlyCount "110"]

1. d4 d5 2. c4 c6 3. Nc3 dxc4 4. e4 e5 5. dxe5 Qxd1+ 6. Kxd1 Be6 7. f4 g6 8.
Nf3 b5 9. a4 b4 10. Ne2 c5 11. Be3 Nc6 12. Ke1 Rd8 13. Rd1 Rd3 14. Rxd3 cxd3
15. Nc1 c4 16. Ng5 b3 17. Nxe6 Bb4+ 18. Kf2 fxe6 19. Nxd3 cxd3 20. Bxd3 Nge7
21. Bc4 Kf7 22. Bxb3 Rb8 23. Bc4 Rd8 24. g4 Na5 25. Be2 Nec6 26. Rd1 Rxd1 27.
Bxd1 Nc4 28. b3 Nxe3 29. Kxe3 Bc5+ 30. Kf3 Ke7 31. h4 h6 32. Kg3 a5 33. Be2 g5
34. hxg5 hxg5 35. fxg5 Nxe5 36. Kh4 Ng6+ 37. Kg3 Bd6+ 38. Kf3 Bf4 39. b4 axb4
40. a5 Bb8 41. Ke3 Ba7+ 42. Kd2 Kd6 43. Kc2 Kc5 44. Kb3 Bb8 45. Bc4 Nf4 46. g6
Nxg6 47. Bxe6 Ne5 48. g5 Kb5 49. a6 Ka5 50. Bd5 Ba7 51. Be6 Nf3 52. Bd5 Nxg5
53. e5 Bc5 54. Kc4 Ba7 55. e6 Nxe6 1/2-1/2

[Event "Championnat de France - Open B"]
[Site "Belfort - SNPHHUATVS"]
[Date "2010.08.17"]
[Round "7.6"]
[White "Masset, Jacques"]
[Black "Jacquot, Laurent"]
[Result "1-0"]
[WhiteElo "1919"]
[BlackElo "1941"]
[PlyCount "65"]

1. d4 Nf6 2. c4 e5 3. dxe5 Ng4 4. Nf3 Nc6 5. Nc3 Bc5 6. e3 Ngxe5 7. Nxe5 Nxe5
8. Be2 O-O 9. O-O d6 10. Kh1 f5 11. Na4 Qe7 12. Nxc5 dxc5 13. b3 Be6 14. Bb2
Ng4 15. h3 Qh4 16. Kg1 Nf6 17. Bf3 Ne4 18. Qc2 Rae8 19. Be5 Rf7 20. Bxe4 fxe4
21. Bg3 Qd8 22. Qxe4 Bc8 23. Rad1 Rd7 24. Qc2 b6 25. Rxd7 Qxd7 26. Rd1 Qc6 27.
Qd3 Bb7 28. f3 h6 29. e4 Re7 30. Qd8+ Kf7 31. Rd5 g6 32. Bh4 Qe6 33. Bxe7 1-0

[Event "Championnat de France - Open B"]
[Site "Belfort - SNPHHUATVS"]
[Date "2010.08.17"]
[Round "7.7"]
[White "Aumont, Alexandre"]
[Black "Plantet, Marc"]
[Result "0-1"]
[WhiteElo "1898"]
[BlackElo "1938"]
[PlyCount "68"]

1. f4 e5 2. fxe5 d6 3. exd6 Bxd6 4. Nf3 Nf6 5. d4 Ne4 6. Nc3 f5 7. Qd3 Qe7 8.
Be3 Nc6 9. a3 a6 10. d5 Ne5 11. Nxe5 Bxe5 12. Nxe4 fxe4 13. Qb3 Qh4+ 14. Bf2
Qf6 15. Qa4+ Bd7 16. Qxe4 O-O-O 17. Qf3 Bxb2 18. Qxf6 Bxf6 19. O-O-O Bf5 20.
Rg1 Be4 21. c4 Bg5+ 22. Kb2 c6 23. d6 Bf4 24. Bg3 Be3 25. Rh1 Rd7 26. h4 Rhd8
27. Be5 Bc5 28. Rh3 Re8 29. Bh2 Bxg2 30. Bxg2 Rxe2+ 31. Kb1 Rxg2 32. h5 Rf7 33.
Be5 Kd7 34. Re1 Rd2 0-1

[Event "Championnat de France - Open B"]
[Site "Belfort - SNPHHUATVS"]
[Date "2010.08.17"]
[Round "7.9"]
[White "Fuhrmann, Valentin"]
[Black "Elice, Florent"]
[Result "0-1"]
[WhiteElo "1853"]
[BlackElo "1990"]
[PlyCount "86"]

1. d4 Nf6 2. c4 g6 3. Nc3 Bg7 4. e4 d6 5. Nf3 O-O 6. Be2 e5 7. O-O Nc6 8. d5
Ne7 9. Ne1 Nd7 10. Be3 f5 11. f3 f4 12. Bf2 h5 13. a4 g5 14. Nb5 a6 15. Na7 Nf6
16. Nxc8 Qxc8 17. c5 Ng6 18. cxd6 cxd6 19. Bb6 Qd7 20. a5 g4 21. Rc1 Rac8 22.
Nd3 g3 23. Qd2 gxh2+ 24. Kh1 h4 25. Nf2 Nh5 26. Kxh2 Ng3 27. Rfe1 Nh8 28. Bd3
Bf6 29. b4 Nf7 30. b5 axb5 31. Qb2 Ng5 32. Bxb5 Qh7 33. Rxc8 Rxc8 34. Rc1 Rf8
35. Rc7 Qh5 36. Rxb7 h3 37. Nxh3 Nxh3 38. gxh3 Qxf3 39. Qg2 Qb3 40. Bc7 Bh4 41.
a6 f3 42. Qf2 Nxe4 43. Qxh4 Qc2+ 0-1

[Event "Championnat de France - Open B"]
[Site "Belfort - SNPHHUATVS"]
[Date "2010.08.17"]
[Round "7.10"]
[White "Devallee, Jeremie"]
[Black "Loiseau, Jean"]
[Result "0-1"]
[WhiteElo "1990"]
[BlackElo "1873"]
[PlyCount "58"]

1. Nc3 d5 2. e4 e6 3. d4 dxe4 4. Nxe4 Nd7 5. Nf3 Ngf6 6. Ng3 Be7 7. Bd3 O-O 8.
O-O b6 9. c3 Bb7 10. h4 c5 11. h5 Qc7 12. h6 g6 13. Bg5 Rfd8 14. Re1 Rac8 15.
Rc1 Qd6 16. Qe2 Bxf3 17. Qxf3 cxd4 18. Ba6 Rc5 19. Bf4 Qd5 20. cxd4 Rxc1 21.
Rxc1 Qxd4 22. Rd1 Ne5 23. Bxe5 Qxd1+ 24. Qxd1 Rxd1+ 25. Nf1 Ng4 26. Bb8 Bc5 27.
Be2 Bxf2+ 28. Kh1 Rb1 29. Bxa7 Ne3 0-1

[Event "Championnat de France - Open B"]
[Site "Belfort - SNPHHUATVS"]
[Date "2010.08.18"]
[Round "8.1"]
[White "Lorieux, Christian"]
[Black "Turmel, Fabien"]
[Result "1-0"]
[WhiteElo "1954"]
[BlackElo "1885"]
[PlyCount "117"]

1. f4 d5 2. Nf3 Nf6 3. g3 g6 4. Bg2 Bg7 5. d3 O-O 6. O-O Re8 7. c3 c6 8. Kh1
Nbd7 9. Nh4 Qb6 10. e4 dxe4 11. dxe4 e5 12. f5 g5 13. Bxg5 Qxb2 14. Qb3 Qxb3
15. axb3 Nc5 16. Nd2 b6 17. b4 Ncd7 18. Nc4 Bf8 19. Rfd1 Be7 20. Nd6 Rf8 21.
Nxc8 Rfxc8 22. Rxd7 Nxd7 23. Bxe7 a5 24. bxa5 Rxa5 25. Rd1 Rca8 26. Rxd7 Ra1+
27. Bf1 Rxf1+ 28. Kg2 Rc1 29. f6 Rxc3 30. Nf5 h5 31. Nh6+ Kh7 32. Nxf7 Ra2+ 33.
Kh3 Rcc2 34. Ng5+ Kg6 35. Nf3 Rf2 36. Nxe5+ Kh6 37. g4 Rxh2+ 38. Kg3 Rhg2+ 39.
Kf4 Raf2+ 40. Ke3 Re2+ 41. Kd4 Rd2+ 42. Nd3 Kg6 43. Ke5 Rxg4 44. Nf4+ Rxf4 45.
Rxd2 Rg4 46. Rd8 c5 47. Rg8+ Kf7 48. Rxg4 hxg4 49. Kf4 c4 50. e5 c3 51. Bb4 c2
52. Ba3 b5 53. Kxg4 b4 54. Bc1 Ke6 55. Kf4 Kd5 56. f7 Kd4 57. f8=Q Kc4 58. Qf7+
Kc3 59. Qa2 1-0

[Event "Championnat de France - Open B"]
[Site "Belfort - SNPHHUATVS"]
[Date "2010.08.18"]
[Round "8.2"]
[White "Chasez, Fabien"]
[Black "Plantet, Marc"]
[Result "0-1"]
[WhiteElo "1925"]
[BlackElo "1938"]
[PlyCount "50"]

1. d4 d5 2. c4 Nc6 3. cxd5 Qxd5 4. Nf3 e5 5. Nc3 Bb4 6. Bd2 Bxc3 7. Bxc3 e4 8.
Ne5 e3 9. Nxc6 exf2+ 10. Kxf2 bxc6 11. e3 Nf6 12. Qf3 Ne4+ 13. Ke1 O-O 14. Bd3
Re8 15. Ke2 Bf5 16. Rhc1 Re6 17. Bb4 Rf6 18. Be7 Rg6 19. h3 Rg3 20. Rc5 Rxf3
21. Rxd5 Rf2+ 22. Ke1 cxd5 23. Bxe4 Rxb2 24. Bxf5 Re8 25. Bg5 Rxg2 0-1

[Event "Championnat de France - Open B"]
[Site "Belfort - SNPHHUATVS"]
[Date "2010.08.18"]
[Round "8.3"]
[White "Messinger, Karl"]
[Black "Masset, Jacques"]
[Result "1-0"]
[WhiteElo "1870"]
[BlackElo "1919"]
[PlyCount "75"]

1. e4 e5 2. Nf3 Nc6 3. Bb5 a6 4. Ba4 Nf6 5. O-O Be7 6. Re1 b5 7. Bb3 O-O 8. h3
d6 9. c3 Na5 10. Bc2 c5 11. d4 Qc7 12. Nbd2 Re8 13. Nf1 Bf8 14. Ng3 g6 15. Bg5
Bg7 16. Qc1 exd4 17. cxd4 Nc6 18. dxc5 dxc5 19. Bh6 Bh8 20. Qg5 Nb4 21. Bb1 Nd7
22. Re2 Ne5 23. Nh4 f6 24. Qc1 Bb7 25. a3 Nbd3 26. Bxd3 Nxd3 27. Qc2 c4 28. Rd1
Nc5 29. e5 f5 30. f4 Ne4 31. Nxe4 Bxe4 32. Qc3 Rad8 33. Red2 Qb6+ 34. Kh1 Bd3
35. Nf3 Re7 36. Bg5 Red7 37. Bxd8 Qxd8 38. Ne1 1-0

[Event "Championnat de France - Open B"]
[Site "Belfort - SNPHHUATVS"]
[Date "2010.08.18"]
[Round "8.4"]
[White "Elice, Florent"]
[Black "Hourlier, Claire"]
[Result "1/2-1/2"]
[WhiteElo "1990"]
[BlackElo "1904"]
[PlyCount "64"]

1. e4 c5 2. Nf3 Nc6 3. d4 cxd4 4. Nxd4 g6 5. Nc3 Bg7 6. Be3 Nf6 7. Bc4 O-O 8.
Bb3 Qa5 9. O-O d6 10. h3 Bd7 11. f4 Qh5 12. Nf3 b5 13. a3 a5 14. Qd3 Rab8 15.
Rae1 b4 16. Nd5 Nxd5 17. exd5 Nd8 18. Bd4 a4 19. Bxg7 Kxg7 20. Bc4 Re8 21. Re2
bxa3 22. bxa3 Qh6 23. Ng5 Kg8 24. Qd4 Qf8 25. Rfe1 h6 26. Nf3 e6 27. Qd3 exd5
28. Rxe8 Bxe8 29. Bxd5 Kh7 30. Qe4 Ne6 31. f5 Nc5 32. fxg6+ fxg6 1/2-1/2

[Event "Championnat de France - Open B"]
[Site "Belfort - SNPHHUATVS"]
[Date "2010.08.18"]
[Round "8.5"]
[White "Goettelmann, Guillaume"]
[Black "Najart, David"]
[Result "1-0"]
[WhiteElo "1901"]
[BlackElo "1983"]
[PlyCount "57"]

1. d4 Nf6 2. Nf3 g6 3. c4 Bg7 4. Nc3 O-O 5. e4 d6 6. Be2 e5 7. O-O Nc6 8. d5
Ne7 9. Nd2 Ne8 10. b4 f5 11. c5 Nf6 12. f3 f4 13. Nc4 g5 14. a4 Ng6 15. Ba3 Rf7
16. b5 dxc5 17. Bxc5 h5 18. a5 g4 19. b6 axb6 20. axb6 Rxa1 21. Qxa1 Ne8 22.
Qa8 g3 23. h3 Nh4 24. Ra1 Bf6 25. Nb5 Be7 26. Bxe7 Qxe7 27. Qxc8 Qc5+ 28. Kh1
Qxb5 29. Nd6 1-0

[Event "Championnat de France - Open B"]
[Site "Belfort - SNPHHUATVS"]
[Date "2010.08.18"]
[Round "8.6"]
[White "Garnier, Teddy"]
[Black "Maruejols, Claude"]
[Result "1/2-1/2"]
[WhiteElo "1923"]
[BlackElo "1974"]
[PlyCount "57"]

1. e4 c5 2. c3 Nf6 3. e5 Nd5 4. d4 cxd4 5. cxd4 d6 6. Nf3 Bg4 7. Qb3 Nb6 8.
Bb5+ N8d7 9. Ng5 e6 10. Qg3 Qc7 11. Nc3 Bf5 12. Bf4 d5 13. Rc1 Qd8 14. h4 Rc8
15. Bd3 Bxd3 16. Qxd3 Bb4 17. Rh3 Na4 18. Qc2 Rc4 19. Bd2 Bxc3 20. bxc3 Nf8 21.
Rg3 Nb6 22. Qd3 Rc7 23. Kf1 Nc4 24. h5 f6 25. Nf3 Nxd2+ 26. Qxd2 f5 27. Ng5 Qe7
28. Nh3 Nd7 29. Qg5 1/2-1/2

[Event "Championnat de France - Open B"]
[Site "Belfort - SNPHHUATVS"]
[Date "2010.08.18"]
[Round "8.7"]
[White "Pouchon, Mickael"]
[Black "Guilbert, Jean-Louis"]
[Result "1/2-1/2"]
[WhiteElo "1889"]
[BlackElo "1957"]
[PlyCount "116"]

1. e4 c5 2. Nf3 e6 3. d4 cxd4 4. Nxd4 a6 5. Be2 Nf6 6. Bf3 Qc7 7. Nc3 Bc5 8.
O-O O-O 9. Nce2 d6 10. Ng3 Nbd7 11. c4 Ne5 12. Be2 Nfd7 13. b3 Nc6 14. Be3 Nxd4
15. Bxd4 Bxd4 16. Qxd4 Nf6 17. Rfd1 Ne8 18. f4 f6 19. f5 Qc5 20. Kh1 Qxd4 21.
Rxd4 e5 22. Rd2 b6 23. Bh5 Rb8 24. Bxe8 Rxe8 25. Rxd6 Kf7 26. Kg1 Re7 27. Rad1
Rbb7 28. Kf2 Rec7 29. Nf1 b5 30. Ne3 bxc4 31. Nxc4 Ra7 32. g4 a5 33. Rd8 Bd7
34. Rb8 a4 35. Rd2 axb3 36. axb3 g6 37. h4 gxf5 38. gxf5 Ra1 39. Rb6 Bc6 40.
Rd6 Bxe4 41. Rxf6+ Kg7 42. h5 Bb7 43. h6+ Kg8 44. Rbe6 Rc8 45. Rxe5 Rb1 46. Re3
Ra8 47. Rg3+ Kh8 48. Re3 Bd5 49. Rd6 Bg8 50. Kg3 Rb8 51. Rdd3 Rh1 52. Rd6 Rb1
53. Nd2 Rb2 54. Kf4 Rb5 55. Rd8 R2xb3 56. Nxb3 Rxf5+ 57. Ke4 Re5+ 58. Kd4 Re4+
1/2-1/2

[Event "Championnat de France - Open B"]
[Site "Belfort - SNPHHUATVS"]
[Date "2010.08.18"]
[Round "8.8"]
[White "Richet, Vincent"]
[Black "Loiseau, Jean"]
[Result "1-0"]
[WhiteElo "1933"]
[BlackElo "1873"]
[PlyCount "35"]

1. e4 e5 2. Nf3 Nc6 3. d4 exd4 4. Nxd4 Bc5 5. Be3 Qf6 6. Nb5 Bxe3 7. fxe3 Qd8
8. Qg4 g6 9. Qf4 d6 10. Bc4 Ne5 11. O-O Qe7 12. N1c3 c6 13. Bxf7+ Kf8 14. Nxd6
Qxd6 15. Rad1 Qe7 16. Be6+ Ke8 17. Qxe5 Qxe6 18. Qxh8 1-0

[Event "Championnat de France - Open B"]
[Site "Belfort - SNPHHUATVS"]
[Date "2010.08.18"]
[Round "8.9"]
[White "Etienne, Berenger"]
[Black "Grignon, Maxime"]
[Result "1-0"]
[WhiteElo "1860"]
[BlackElo "1920"]
[PlyCount "91"]

1. e4 d5 2. exd5 Qxd5 3. Nc3 Qa5 4. Nf3 Nf6 5. d4 Bf5 6. Bb5+ c6 7. Bd3 Bxd3 8.
Qxd3 e6 9. O-O Nbd7 10. Bf4 Be7 11. Rfe1 O-O 12. Ne5 Rfd8 13. Qe3 Nxe5 14. Bxe5
Ng4 15. Qg3 Nxe5 16. dxe5 Bb4 17. Red1 Bxc3 18. Qxc3 Qxc3 19. bxc3 Kf8 20. c4
c5 21. Rd3 Rxd3 22. cxd3 Rd8 23. Rd1 Rd4 24. Kf1 Ke7 25. Ke2 f6 26. exf6+ gxf6
27. a4 Kd6 28. g3 e5 29. f3 Kc6 30. a5 f5 31. Ke3 e4 32. g4 exd3 33. gxf5 Rxc4
34. Rxd3 Rc1 35. f6 Re1+ 36. Kf4 Re8 37. Kf5 c4 38. Rd1 b5 39. axb6 axb6 40. f7
Rc8 41. Ke6 b5 42. Ke7 b4 43. Rd4 Rc7+ 44. Ke6 Rxf7 45. Rxc4+ Kb5 46. Rxb4+ 1-0

[Event "Championnat de France - Open B"]
[Site "Belfort - SNPHHUATVS"]
[Date "2010.08.18"]
[Round "8.10"]
[White "Humeau, Mickael"]
[Black "Graton, Tanguy"]
[Result "1-0"]
[WhiteElo "1984"]
[BlackElo "1887"]
[PlyCount "119"]

1. f4 e5 2. fxe5 d6 3. Nf3 Bg4 4. e4 Nd7 5. exd6 Bxd6 6. d3 Ne5 7. Nbd2 Nf6 8.
Be2 Nh5 9. g3 Ng6 10. e5 Bxe5 11. Nxe5 Qd5 12. Nef3 Bh3 13. Ne4 O-O-O 14. Nf2
Rhe8 15. Nxh3 Qxf3 16. Rf1 Qg2 17. Nf4 Qxh2 18. Nxh5 Qxh5 19. Bf4 Nxf4 20. gxf4
Qh3 21. Qd2 Qg3+ 22. Kd1 Re3 23. Qe1 Qh3 24. Kd2 Rde8 25. Rf2 Qe6 26. Qf1 Qb6
27. b3 h6 28. Qg2 g6 29. Qd5 Rxd3+ 30. cxd3 Qxf2 31. Qf3 Qd4 32. Rc1 h5 33. Rc4
Qb6 34. Rc2 Qb4+ 35. Kc1 Qe1+ 36. Kb2 h4 37. Bf1 Re3 38. Qf2 Qxf2 39. Rxf2 Kd7
40. Kc3 Ke6 41. Kd4 Re1 42. Bh3+ f5 43. Bg2 c6 44. Bf3 Kf6 45. Rg2 Re7 46. b4
Re6 47. b5 cxb5 48. Bxb7 a5 49. Bd5 Re7 50. Bc6 b4 51. Kc5 h3 52. Rd2 g5 53.
fxg5+ Kxg5 54. d4 f4 55. d5 Re5 56. Kd4 Kf6 57. d6 Re6 58. Kc5 Re5+ 59. Kc4 Re6
60. d7 1-0

[Event "Championnat de France - Open B"]
[Site "Belfort - SNPHHUATVS"]
[Date "2010.08.19"]
[Round "9.1"]
[White "Plantet, Marc"]
[Black "Lorieux, Christian"]
[Result "1-0"]
[WhiteElo "1938"]
[BlackElo "1954"]
[PlyCount "113"]

1. e4 e6 2. d4 d5 3. e5 c5 4. c3 Qb6 5. Nf3 Nc6 6. Bd3 cxd4 7. cxd4 Bd7 8. O-O
Nb4 9. Be2 Bb5 10. Nc3 Bxe2 11. Qxe2 Ne7 12. Qb5+ Nec6 13. a3 Nc2 14. Ra2 Qxb5
15. Nxb5 Kd7 16. Rd1 a6 17. Nc3 b5 18. b3 Nxa3 19. Bxa3 Bxa3 20. Rda1 Rhc8 21.
Rxa3 b4 22. Nxd5 exd5 23. R3a2 a5 24. Kf1 Rc7 25. Rc2 h6 26. Rc5 Ne7 27. Raxa5
Rxa5 28. Rxa5 Rc3 29. Ra7+ Ke6 30. Ke2 Rxb3 31. Ne1 Rb2+ 32. Kf3 Nc6 33. Ra6
Kd7 34. Ke3 b3 35. Nd3 Rb1 36. Rb6 Kc7 37. Rb5 Rh1 38. h3 Ra1 39. Rxb3 Ra4 40.
Rc3 Kb6 41. Nf4 Nxd4 42. Nxd5+ Kb5 43. Rc7 Nf5+ 44. Kf3 Nd4+ 45. Kg3 Ra3+ 46.
f3 Ne2+ 47. Kf2 Ra2 48. Ke3 Ng1 49. Nc3+ Kb6 50. Rxf7 Rxg2 51. e6 Kc6 52. Ra7
Rg6 53. Ra6+ Kb7 54. e7 Rxa6 55. e8=Q Rc6 56. Qd7+ Rc7 57. Qb5+ 1-0

[Event "Championnat de France - Open B"]
[Site "Belfort - SNPHHUATVS"]
[Date "2010.08.19"]
[Round "9.2"]
[White "Turmel, Fabien"]
[Black "Richet, Vincent"]
[Result "1-0"]
[WhiteElo "1885"]
[BlackElo "1933"]
[PlyCount "101"]

1. d4 Nf6 2. c4 g6 3. Nc3 Bg7 4. e4 d6 5. Nf3 O-O 6. Be2 e5 7. O-O Nc6 8. d5
Ne7 9. Ne1 Nd7 10. Be3 f5 11. f3 f4 12. Bf2 Nf6 13. a4 g5 14. c5 Ng6 15. cxd6
cxd6 16. a5 h5 17. Nb5 g4 18. Nxa7 g3 19. Bb6 gxh2+ 20. Kh1 Qe7 21. Rc1 h4 22.
Rc7 Bd7 23. Bb5 h3 24. Rf2 Nh4 25. gxh3 Qe8 26. Bxd7 Nxd7 27. Ng2 Bf6 28. Qa4
Rf7 29. Rfc2 Nxb6 30. Qxe8+ Rxe8 31. Nxh4 Rxc7 32. Rxc7 Na8 33. Rxb7 Bxh4 34.
Kxh2 Bf2 35. Nc6 Kh8 36. Rd7 Rg8 37. Rxd6 Bd4 38. Rh6+ Kg7 39. Re6 Rc8 40. b4
Nc7 41. Re7+ Kf6 42. h4 Nxd5 43. exd5 Rxc6 44. dxc6 Kxe7 45. h5 Kd8 46. b5 Bc3
47. h6 e4 48. fxe4 Be5 49. Kg2 Kc7 50. h7 Kd6 51. a6 1-0

[Event "Championnat de France - Open B"]
[Site "Belfort - SNPHHUATVS"]
[Date "2010.08.19"]
[Round "9.3"]
[White "Goettelmann, Guillaume"]
[Black "Messinger, Karl"]
[Result "1/2-1/2"]
[WhiteElo "1901"]
[BlackElo "1870"]
[PlyCount "24"]

1. d4 Nf6 2. Nf3 e6 3. c4 Bb4+ 4. Bd2 Qe7 5. g3 O-O 6. Bg2 Bxd2+ 7. Qxd2 d6 8.
O-O Nbd7 9. Nc3 e5 10. e4 Re8 11. d5 a5 12. Ne1 Nc5 1/2-1/2

[Event "Championnat de France - Open B"]
[Site "Belfort - SNPHHUATVS"]
[Date "2010.08.19"]
[Round "9.4"]
[White "Humeau, Mickael"]
[Black "Etienne, Berenger"]
[Result "0-1"]
[WhiteElo "1984"]
[BlackElo "1860"]
[PlyCount "72"]

1. d4 e6 2. e3 d5 3. Ne2 Nf6 4. g3 c5 5. Bg2 Nc6 6. O-O Bd6 7. Nbc3 cxd4 8.
exd4 Qb6 9. Re1 O-O 10. Rb1 Bb4 11. Bf4 Bxc3 12. Nxc3 Qxd4 13. Nb5 Qxd1 14.
Rbxd1 Bd7 15. Rd2 h6 16. c4 dxc4 17. h4 e5 18. Bxe5 Rae8 19. f4 Nxe5 20. Rxe5
Bxb5 21. Rxb5 b6 22. Rb4 c3 23. bxc3 Re3 24. Rc4 Rxg3 25. Re2 Rd3 26. Re7 a5
27. Rb7 Rd2 28. a4 Re8 29. Kf1 Ree2 30. Rc8+ Kh7 31. Bf3 Rf2+ 32. Ke1 Ra2 33.
Rbb8 Rxf3 34. h5 Nxh5 35. Rh8+ Kg6 36. Rxb6+ Nf6 0-1